00613 a2200169 4500003000500000005001700005040000900022082001000031100002700041245009300068260001900161300001400180505019200194538003100386650001400417651001200431Nust20170207171113.0 cNust a005.8 aJaved, Azhar (MSIS-11) aAutomated malware analysis to identify data espionage and backdoor creationcAzhar Javed aRwpbMCSc2014 axi, 73 p. aIntroduction (page-1), Literature (page-12), Datasets (page-17), Proposed methodology (page-22), Evaluation of proposed methodology (page-35), Conclusion and future directions (page-42).  aAlmirah No. 70 Shelf No. 4 aMS Thesis aMSIS-11